القرمطي : (رقم التسجيلة. 29743)

تفاصيل مارك
000 -الفاتح
عناصر البيانات ثابتة الطول 00564cam a2200169 i 4500
005 - تاريخ ووقت آخر معاملة
حقل ضبط 20260212110449.0
008 - عناصر البيانات ثابتة الطول
عناصر البيانات ثابتة الطول 250721s2001 xx gr 000 f ara d
082 14 - رقم تصنيف ديوي العشري
رقم التصنيف ق
رقم المادة ع و ض
100 1# - مدخل رئيسي – اسم شخصي
الاسم الشخصي عوض، أحمد رفيق
علاقة الشخص بالعمل/ دوره مؤلف.
245 12 - بيان العنوان
العنوان القرمطي :
بقية العنوان رواية /
بيان المسؤولية أحمد رفيق عوض.
250 ## - بيان الطبعة
بيان الطبعة الطبعة الأولى.
264 31 - بيانات النشر، التوزيع…إلخ
مكان النشر، التوزيع...إلخ رام الله :
اسم الناشر، الموزع...إلخ بيت المقدس للنشر و التوزيع،
تاريخ النشر، التوزيع...إلخ 2001.
300 ## - الوصف المادي
عدد الوحدات المكونة للوعاء 265صفحة.
650 17 - مدخل إضافي بالموضوع - مصطلح موضوعي
مصطلح موضوعي أو اسم جغرافي كعنصر مدخل القصص العربية.
942 ## - بيانات إضافية (كوها)
نوع التنصيف Dewey Decimal Classification
نوع المادة (كوها) كتب
المقتنيات
حالة السحب حالة الفقدان مصدر التصنيف حالة التلف غير قابل للإعارة المكتبة الرئيسية المكتبة الحالية موقع الرف تاريخ التزويد الرقم المتسلسل Total Checkouts رقم الإستدعاء الباركود تاريخ آخر ظهور تاريخ الفاتورة نوع المادة (كوها)
    Dewey Decimal Classification     المكتبة المركزية المكتبة المركزية الإعارة 06/07/2004 508193   ق/ ع و ض 508193 28/07/2025 06/07/2004 كتب
    Dewey Decimal Classification     المكتبة المركزية المكتبة المركزية   28/07/2025 1759380   ق/عوض   28/07/2025 28/07/2025 كتب
    Dewey Decimal Classification Unchecked   مكتبة أبو علندا العامة مكتبة أبو علندا العامة الإعارة 06/07/2004 508211   ق/عوض   28/07/2025 06/07/2004 كتب
    Dewey Decimal Classification     مكتبة أم قصير والمقابلين العامة مكتبة أم قصير والمقابلين العامة الإعارة 06/07/2004 508210   ق/عوض 508210 28/07/2025 06/07/2004 كتب
    Dewey Decimal Classification     مكتبة الأميرة ايمان العامة مكتبة الأميرة ايمان العامة الإعارة 12/11/2013 5082025   ق/عوض PLD00285857 28/07/2025 12/11/2013 كتب
    Dewey Decimal Classification Unchecked   مكتبة الاميرة بديعة مكتبة الاميرة بديعة الإعارة 06/07/2004 508205   ق/عوض   28/07/2025 06/07/2004 كتب
    Dewey Decimal Classification     مكتبة الجويدة مكتبة الجويدة الإعارة 28/07/2025 508206   ق/عوض 508206 28/07/2025 28/07/2025 كتب
    Dewey Decimal Classification Unchecked   مكتبة النصر العامة مكتبة النصر العامة الإعارة 28/07/2025 508213   ق/عوض   28/07/2025 28/07/2025 كتب
    Dewey Decimal Classification     مكتبة حمزة العامة مكتبة حمزة العامة الإعارة 28/07/2025 508208   ق/عوض 508208 28/07/2025 28/07/2025 كتب
    Dewey Decimal Classification     مكتبة صويلح العامة مكتبة صويلح العامة الإعارة 06/07/2004 508203   ق/عوض 508203 28/07/2025 06/07/2004 كتب
Implemented & Customized by: BBB with SCIT (Smart Chains for Information Technology)

Powered by Koha